=LDR 00000nam 2200000 4500 =001 INLIS000000000021542 =005 20231212104709 =035 ##$$a 0010-061300000021542 =008 231212###########################0###### =041 ##$$a Ind =082 ##$$a 100 =090 ##$$a 574.13, Bio b =245 1#$$a Persoalan-persoalan mendasar filsafat, A.C Ewing =260 ##$$a S.a] :$b [S.l] =300 ##$$a xi, 423 hln, 21 cm =650 #4$$a Filsafat =850 ##$$a NBPNMAT =084 ##$$a 100 EWI p =100 ##$$a Ewing, A.C =990 ##$$a 00047026